<?xml version="1.0" encoding="UTF-8"?>
<record
    xmlns:xsi="http://www.w3.org/2001/XMLSchema-instance"
    xsi:schemaLocation="http://www.loc.gov/MARC21/slim http://www.loc.gov/standards/marcxml/schema/MARC21slim.xsd"
    xmlns="http://www.loc.gov/MARC21/slim">

  <leader>01691nam a2200229Ia 4500</leader>
  <controlfield tag="003">OSt</controlfield>
  <controlfield tag="005">20250315120831.0</controlfield>
  <controlfield tag="008">210210b2017   xxu||||| |||| 00| 0 eng d</controlfield>
  <datafield tag="020" ind1=" " ind2=" ">
    <subfield code="a">9789386228475</subfield>
  </datafield>
  <datafield tag="040" ind1=" " ind2=" ">
    <subfield code="c">AL</subfield>
  </datafield>
  <datafield tag="041" ind1=" " ind2=" ">
    <subfield code="a">hin</subfield>
  </datafield>
  <datafield tag="082" ind1=" " ind2=" ">
    <subfield code="a">H891.201 SVAK</subfield>
  </datafield>
  <datafield tag="100" ind1=" " ind2=" ">
    <subfield code="a">SVADESH (Dipak):</subfield>
    <subfield code="9">206565</subfield>
  </datafield>
  <datafield tag="110" ind1=" " ind2=" ">
    <subfield code="b">&#x938;&#x94D;&#x935;&#x926;&#x947;&#x936; &#x926;&#x940;&#x92A;&#x915; </subfield>
    <subfield code="9">206566</subfield>
  </datafield>
  <datafield tag="245" ind1=" " ind2=" ">
    <subfield code="a">Kort marshal aur anya natak:</subfield>
    <subfield code="b">&#x915;&#x94B;&#x930;&#x94D;&#x91F; &#x92E;&#x93E;&#x930;&#x94D;&#x936;&#x932; &#x914;&#x930; &#x905;&#x928;&#x94D;&#x92F; &#x928;&#x93E;&#x91F;&#x915; </subfield>
  </datafield>
  <datafield tag="260" ind1=" " ind2=" ">
    <subfield code="a">Nayi Dilli</subfield>
    <subfield code="b">Juggernaut</subfield>
    <subfield code="c">2017</subfield>
  </datafield>
  <datafield tag="300" ind1=" " ind2=" ">
    <subfield code="a">iv,257</subfield>
  </datafield>
  <datafield tag="520" ind1=" " ind2=" ">
    <subfield code="a">&#x938;&#x947;&#x928;&#x93E; &#x915;&#x947; &#x938;&#x93F;&#x92A;&#x93E;&#x939;&#x940; &#x930;&#x93E;&#x92E;&#x91A;&#x902;&#x926;&#x930; &#x928;&#x947; &#x90F;&#x915; &#x939;&#x924;&#x94D;&#x92F;&#x93E; &#x915;&#x940; &#x939;&#x948;, &#x932;&#x947;&#x915;&#x93F;&#x928; &#x907;&#x938;&#x915;&#x947; &#x932;&#x93F;&#x90F; &#x935;&#x939; &#x915;&#x93F;&#x924;&#x928;&#x93E; &#x91C;&#x93C;&#x93F;&#x92E;&#x94D;&#x92E;&#x947;&#x926;&#x93E;&#x930; &#x939;&#x948;? &#x921;&#x949;&#x915;&#x94D;&#x91F;&#x930; &#x938;&#x941;&#x915;&#x93E;&#x902;&#x924; &#x915;&#x94D;&#x92F;&#x93E; &#x905;&#x92A;&#x928;&#x940; &#x92A;&#x94D;&#x930;&#x947;&#x92E;&#x93F;&#x915;&#x93E; &#x905;&#x92A;&#x942;&#x930;&#x94D;&#x935;&#x93E; &#x915;&#x94B; &#x939;&#x924;&#x94D;&#x92F;&#x93E; &#x915;&#x947; &#x906;&#x930;&#x94B;&#x92A; &#x92E;&#x947;&#x902; &#x92B;&#x93E;&#x902;&#x938;&#x940; &#x915;&#x940; &#x938;&#x91C;&#x93E; &#x938;&#x947; &#x92C;&#x91A;&#x93E; &#x938;&#x915;&#x947;&#x917;&#x93E;? &#x932;&#x94B;&#x917;&#x94B;&#x902; &#x915;&#x93E; &#x92D;&#x935;&#x93F;&#x937;&#x94D;&#x92F; &#x92C;&#x924;&#x93E;&#x928;&#x947; &#x935;&#x93E;&#x932;&#x93E; &#x938;&#x93F;&#x926;&#x94D;&#x927;&#x921;&#x93C; &#x915;&#x94D;&#x92F;&#x93E; &#x909;&#x928;&#x915;&#x940; &#x92E;&#x939;&#x924;&#x94D;&#x935;&#x93E;&#x915;&#x93E;&#x902;&#x915;&#x94D;&#x937;&#x93E;&#x913;&#x902; &#x915;&#x947; &#x92B;&#x902;&#x926;&#x947; &#x938;&#x947; &#x91C;&#x940;&#x935;&#x93F;&#x924; &#x92C;&#x91A; &#x92A;&#x93E;&#x90F;&#x917;&#x93E;? &#x938;&#x94D;&#x935;&#x926;&#x947;&#x936; &#x926;&#x940;&#x92A;&#x915; &#x915;&#x947; &#x907;&#x928; &#x92A;&#x94D;&#x930;&#x938;&#x93F;&#x926;&#x94D;&#x927; &#x928;&#x93E;&#x91F;&#x915;&#x94B;&#x902; &#x92E;&#x947;&#x902; &#x91C;&#x93E;&#x924;&#x93F; &#x935;&#x94D;&#x92F;&#x935;&#x938;&#x94D;&#x925;&#x93E;, &#x938;&#x93E;&#x92E;&#x902;&#x924;&#x940; &#x938;&#x924;&#x94D;&#x924;&#x93E; &#x914;&#x930; &#x905;&#x902;&#x927;&#x935;&#x93F;&#x936;&#x94D;&#x935;&#x93E;&#x938;&#x94B;&#x902; &#x914;&#x930; &#x938;&#x902;&#x92A;&#x928;&#x94D;&#x928;&#x924;&#x93E; &#x915;&#x940; &#x913;&#x930; &#x90F;&#x915; &#x905;&#x902;&#x927;&#x940; &#x926;&#x94C;&#x921;&#x93C; &#x915;&#x940; &#x92E;&#x93E;&#x928;&#x935;&#x926;&#x94D;&#x930;&#x94B;&#x939;&#x940; &#x939;&#x915;&#x940;&#x915;&#x924; &#x909;&#x91C;&#x93E;&#x917;&#x930; &#x939;&#x94B;&#x924;&#x940; &#x939;&#x948;.</subfield>
  </datafield>
  <datafield tag="690" ind1=" " ind2=" ">
    <subfield code="a">Hindi Drama</subfield>
    <subfield code="9">206572</subfield>
  </datafield>
  <datafield tag="906" ind1=" " ind2=" ">
    <subfield code="a">072520</subfield>
  </datafield>
  <datafield tag="942" ind1=" " ind2=" ">
    <subfield code="2">ddc</subfield>
    <subfield code="c">BK</subfield>
  </datafield>
  <datafield tag="999" ind1=" " ind2=" ">
    <subfield code="c">122355</subfield>
    <subfield code="d">122355</subfield>
  </datafield>
  <datafield tag="952" ind1=" " ind2=" ">
    <subfield code="0">0</subfield>
    <subfield code="1">0</subfield>
    <subfield code="2">ddc</subfield>
    <subfield code="4">0</subfield>
    <subfield code="7">0</subfield>
    <subfield code="8">HIN</subfield>
    <subfield code="a">AL</subfield>
    <subfield code="b">AL</subfield>
    <subfield code="d">2021-02-17</subfield>
    <subfield code="e">Rajpal and Sons, Kashmere Gate, Delhi-110006</subfield>
    <subfield code="g">250.00</subfield>
    <subfield code="l">0</subfield>
    <subfield code="o">H891.201 SVAK</subfield>
    <subfield code="p">072520</subfield>
    <subfield code="r">2021-02-17 00:00:00</subfield>
    <subfield code="w">2021-02-17</subfield>
    <subfield code="y">BK</subfield>
  </datafield>
</record>
